| 000 | 00412nam a2200169Ia 4500 | ||
|---|---|---|---|
| 008 | 210719s1994 xx 000 0 und d | ||
| 020 | _a8170293820 | ||
| 041 | _aeng | ||
| 082 | _a001.6424W GRIF | ||
| 100 | _aGRIVER (Yair Alan) | ||
| 245 | _aFoxpro 2.6 codebook. | ||
| 260 |
_aND _bBPB publications _c1994 |
||
| 300 |
_axxvi,748 _bPB |
||
| 365 |
_b150 _cRs |
||
| 650 | _aComputer Science | ||
| 906 | _aFoxpro | ||
| 999 |
_c213930 _d213930 |
||